Geography of population : (Record no. 65089)

MARC details
000 -LEADER
fixed length control field 00573nam a22001577a 4500
005 - DATE AND TIME OF LATEST TRANSACTION
control field 2012041705505.0
020 ## - INTERNATIONAL STANDARD BOOK NUMBER
International Standard Book Number 8176635642
Terms of availability 180.00
035 ## - SYSTEM CONTROL NUMBER
System control number B-47015
037 ## - SOURCE OF ACQUISITION
Stock number DPL
Source of stock number/acquisition ENG
100 ## - MAIN ENTRY--PERSONAL NAME
Personal name Chandna, R.C.
245 ## - TITLE STATEMENT
Title Geography of population :
Remainder of title Concepts, determinants and patterns /
Statement of responsibility, etc by R.C. Chandna
260 ## - PUBLICATION, DISTRIBUTION, ETC. (IMPRINT)
Place of publication, distribution, etc Ludhiana
Name of publisher, distributor, etc Kalyani Publishers
Date of publication, distribution, etc 2001
300 ## - PHYSICAL DESCRIPTION
Extent xi, 414p.
Dimensions 24 cms.
942 ## - ADDED ENTRY ELEMENTS (KOHA)
Source of classification or shelving scheme Dewey Decimal Classification
Item type English Books
Classification part 304.6
Call number suffix CHA
Holdings
Withdrawn status Lost status Not for loan Collection code Home library Current library Date acquired Cost, normal purchase price Full call number Barcode Cost, replacement price Koha item type
      Non-fiction Sarojini Nagar Sarojini Nagar 17/04/2012 180.00 304.6 CHA B-47015 180.00 English Books

© Delhi Public Library
Hit Counter
free hit counter